Statistics for Crude Oil Fractions

Click here to take the quiz!

General Stats

  • This quiz has been taken 49 times
  • The average score is 4 of 9

Answer Stats

Fraction% Correct
Kerosene
84%
Diesel
82%
Gasoline
76%
Bitumen
68%
Naphtha
37%
Fuel Oil
29%
Lubricating Oil
24%
Paraffin Wax
24%
Refinery Gas
16%

Score Distribution

Percentile by Number Answered

Percent of People with Each Score

Your Score History

You have not taken this quiz